|
|
|
|
| LEADER |
01054nam a2200325 a 4500 |
| 001 |
000035490 |
| 003 |
CZ BrMZK |
| 005 |
20250627094221.0 |
| 007 |
ta |
| 008 |
950313s1992 fr e 0 fre d |
| 020 |
|
|
|a 2-09-190412-0
|
| 040 |
|
|
|a BOA001
|b cze
|
| 072 |
|
7 |
|a 316
|x Sociologie
|2 Konspekt
|9 18
|
| 080 |
|
|
|a 316
|2 MRF
|
| 080 |
|
|
|a (048.8)
|2 MRF
|
| 100 |
1 |
|
|a Passeron, Jean-Claude,
|d 1930-
|7 mzk2012698126
|4 aut
|
| 245 |
1 |
3 |
|a Le raisonnement sociologique :
|b L'espace non-poppérien du raisonnement naturel /
|c Jean-Claude Passeron.
|
| 260 |
|
|
|a Paris :
|b Nathan,
|c 1992
|
| 300 |
|
|
|a 408 s.
|
| 490 |
1 |
|
|a Essais & Recherches
|
| 500 |
|
|
|a Bibliogr. s. 404-405
|
| 541 |
|
|
|a Prague, Ambassade de France
|
| 650 |
0 |
7 |
|a sociologie
|7 ph116198
|2 czenas
|
| 650 |
0 |
9 |
|a sociology
|2 eczenas
|
| 655 |
|
7 |
|a monografie
|7 fd132842
|2 czenas
|
| 655 |
|
9 |
|a monographs
|2 eczenas
|
| 830 |
|
0 |
|a Essais & Recherches
|
| 910 |
|
|
|a BOA001
|b 2-1014.033
|
| 990 |
|
|
|a BK
|
| 996 |
7 |
|
|b 2610027694
|c 2-1014.033
|l MZK
|r Sklad / do 1 hodiny
|n 3
|p dar
|w 000035490
|u 000010
|a 1
|e BOA001
|j MZK50
|s A
|